Biblioteca

Israel mi Gloría (Registro nro. 69150)

Detalles MARC
000 -LÍDER
Campo fijo de descripción fija 01327nam a2200349 i 4500
001 - NÚMERO DE CONTROL
Campo de control 768714001
003 - IDENTIFICADOR DEL NÚMERO DE CONTROL
Campo de control CO-MdFUSB
005 - FECHA Y HORA DE LA ULTIMA TRANSACCIÓN
control field 20231017115250.0
007 - CAMPO FIJO DE DESCRIPCIÓN FIJA--INFORMACIÓN GENERAL
Campo fijo de descripción fija ta
008 - ELEMENTOS DE LONGITUD FIJA -- INFORMACIÓN GENERAL
Campo fijo de descripción fija -- Información general 231010t19981998xxu||||g |||| 00| 0 spa d
020 ## - NÚMERO INTERNACIONAL NORMALIZADO PARA LIBROS
Número Internacional Normalizado del libro [No incluye ISBN]
040 ## - FUENTE DE CATALOGACIÓN
Agencia de catalogación original CO-MdFUSB
Idioma de catalogación spa
Agencia que realiza la transcripción CO-MdFUSB
Agencia que realiza la modificación CO-MdFUSBC
Convenciones de la descripción rda
041 ## - CÓDIGO DE IDIOMA
Código de idioma para texto/pista de sonido o título separado spa
Código de idioma original eng
082 ## - NÚMERO DE CLASIFICACIÓN DECIMAL DEWEY
Número de la edición del Dewey 23
Número de clasificación 296.3
Clave de autor-Numero de item W686
100 ## - ASIENTO PRINCIPAL--NOMBRE PERSONAL
Nombre personal Wilkinson, John,
Término relacionador autor
240 ## - TITULO UNIFORME
Título uniforme <a href=""Gods plan for the Jew"">"Gods plan for the Jew"</a>
245 ## - TÍTULO
Título del Material Israel mi Gloría
Parte restante del título - Subtitulo : el plan de Dios para los Judíos
Mención de responsabilidad, etc. / John Wilkinson ; traducido por Alejandro Las
250 ## - MENCIÓN DE EDICIÓN
Mención de edición primera edición en español
264 #1 - PRODUCCIÓN, PUBLICACIÓN, DISTRIBUCIÓN, MANUFACTURA, Y COPYRIGHT
Lugar de producción, publicación, distribución, manufactura Gran Bretaña :
Nombre del productor, publicador, distribuidor Medianoche,
Fecha de producción, publicación, distribución, manufactura, o copyright [1998]
264 #4 - PRODUCCIÓN, PUBLICACIÓN, DISTRIBUCIÓN, MANUFACTURA, Y COPYRIGHT
Fecha de producción, publicación, distribución, manufactura, o copyright ©1998
300 ## - DESCRIPCIÓN FÍSICA
Extensión 185 páginas
Dimensiones ; 20 cm
336 ## - TIPO DE CONTENIDO
Fuente rdacontent
Término de tipo de contenido texto
Código de tipo de contenido txt
337 ## - TIPO DE MEDIO
Fuente rdamedia
Nombre del tipo de medio sin mediación
Código del tipo de medio n
338 ## - TIPO DE SOPORTE
Fuente rdacarrier
Nombre del tipo de soporte volumen
Código Tipo de soporte nc
504 ## - NOTA DE BIBLIOGRAFÍA, ETC.
Nota de bibliografía, etc Incluye índice
505 ## - NOTA DE CONTENIDO
Nota de contenido con formato preestablecido Prefacio del autor -- Capítulo I. Elección -- Capítulo II. Confirmación -- Capítulo III. Rechazo -- Capítulo IV. Restauración -- Capítulo V. Los judíos y el Evangelio -- Capítulo VI. Malentendidos comunes -- Capítulo VII. La Gloria Milenial -- Capítulo VIII. El Rey en su Trono.
563 ## - NOTA DE ENCUADERNACIÓN
Nota de encuadernación Rústico
650 #7 - ASIENTO SECUNDARIO DE MATERIA - TERMINO TEMÁTICO
9 (RLIN) 6881
Término temático o nombre geográfico como elemento de entrada Judaísmo
700 ## - ASIENTO SECUNDARIO - NOMBRE PERSONAL
9 (RLIN) 8670
Nombre personal Las, Alejandro,
Responsabilidad traductor
942 ## - TIPO DE MATERIAL (KOHA)
Tipo de Item KOHA Libros General
945 ## - INFORMACIÓN LOCAL DEL REGISTRO
Catalogador sor1564
Existencias
Estado de Material Estado de Perdido Forma de Clasificación Estado de Dañado No para Préstamo Colección Biblioteca de Origen Biblioteca Permanente Fecha de Adquisición Área Total de Préstamos Signatura Topográfica Código de Barras Última vez visto Ejemplar/Existencia Fecha de Remplazo Tipo de Material
    Dewey Decimal Classification     Colección General Biblioteca FUSBC Biblioteca FUSBC 10/10/2023 RELIGIÓN - RELIGIONES   G 296.3 W686i 22464 10/10/2023 Ej. 1 10/10/2023 Libros General

Biblioteca FUSBC | Teléfono: (57+4) 349 88 10 Ext. 141| WhatsApp (+57) 3005338115 
E-mail: biblioteca@unisbc.edu.co | Calle 76 87-14 Robledo Palenque, Medellín, Colombia

Con tecnología Koha